Itinerario de la virgen Egeria (381-384) (Record no. 12842)

MARC details
000 -LEADER
campo de control de longitud fija 01266nam a2200325 i 4500
001 - NÚMERO DE CONTROL
campo de control 12842
003 - IDENTIFICADOR DE NÚMERO DE CONTROL
campo de control ES-MaACL
005 - FECHA Y HORA DE LA ÚLTIMA TRANSACCIÓN
campo de control 20250808062713.0
007 - CAMPO FIJO DE DESCRIPCIÓN FÍSICA--INFORMACIÓN GENERAL
campo de control de longitud fija t|
008 - DATOS DE LONGITUD FIJA--INFORMACIÓN GENERAL
campo de control de longitud fija 960723s1996 sp ||||0| spa j
020 ## - NÚMERO INTERNACIONAL ESTÁNDAR DEL LIBRO
Número Internacional Estándar del Libro 84-7914-219-7
040 ## - FUENTE DE CATALOGACIÓN
Centro catalogador/agencia de origen M-BN
Lengua de catalogación spa
Centro/agencia transcriptor M-BN
080 ## - NÚMERO DE LA CLASIFICACIÓN DECIMAL UNIVERSAL
Número de la Clasificación Decimal Universal 915.694/.695"03"
130 0# - ENTRADA PRINCIPAL--TÍTULO UNIFORME
Título uniforme Itinerarium Egeriae.
Lenguaje de la obra Español-Latín.
9 (RLIN) 140266
245 10 - MENCIÓN DEL TÍTULO
Título Itinerario de la virgen Egeria (381-384)
Resto del título : Constantinopla, Asia Menor, Palestina, Sinaí, Egipto, Arabia, Siria /
Mención de responsabilidad, etc. edición crítica del texto latino, variantes, traducción anotada, documentos auxiliares, amplia introducción, planos y notas por Agustín Arce.
250 ## - MENCION DE EDICION
Mención de edición 2ª ed.
260 ## - PUBLICACIÓN, DISTRIBUCIÓN, ETC.
Lugar de publicación, distribución, etc. Madrid :
Nombre del editor, distribuidor, etc. Biblioteca de Autores Cristianos,
Fecha de publicación, distribución, etc. 1996.
300 ## - DESCRIPCIÓN FÍSICA
Extensión XXX, 352 p., [8] h. de lám :
Otras características físicas il ;
Dimensiones 20 cm.
490 1# - MENCIÓN DE SERIE
Mención de serie Biblioteca de autores cristianos ;
Designación de volumen o secuencia 416
500 ## - NOTA GENERAL
Nota general Índices.
504 ## - NOTA DE BIBLIOGRAFÍA, ETC.
Nota de bibliografía, etc. Bibliografía : p. [XVII]-XXX.
546 ## - NOTA DE IDIOMA
Nota de lengua/lenguaje Texto latino y traducción española.
651 #4 - PUNTO DE ACCESO ADICIONAL DE MATERIA--NOMBRE GEOGRÁFICO
Nombre geográfico Santos Lugares-
Subdivisión general Descripción-
Subdivisión cronológica S.IV.
9 (RLIN) 9370
700 1# - ENTRADA AGREGADA--NOMBRE PERSONAL
Nombre de persona Egeria.
9 (RLIN) 46716
700 1# - ENTRADA AGREGADA--NOMBRE PERSONAL
Nombre de persona Arce, Agustín.
9 (RLIN) 22444
830 00 - PUNTO DE ACCESO ADICIONAL DE SERIE-TÍTULO UNIFORME
Título uniforme Biblioteca de autores cristianos
Designación de volumen o secuencia 416
9 (RLIN) 178679
852 ## - LOCALIZACIÓN
Ubicación ES-MaACL
Número de control de estantería J-407
itemnumber R.46092
Holdings
Estatus retirado Estado de pérdida Estado de daño No para préstamo Biblioteca de origen Biblioteca actual Ubicación en estantería Fecha de adquisición Fuente de adquisición Total de préstamos Signatura topográfica completa Código de barras Visto por última vez Precio de reemplazo Tipo de ítem Koha
        Biblioteca del Ateneo de Madrid Biblioteca del Ateneo de Madrid Depósito 2 17/01/2008     J-407 1013081 23/02/2023 23/02/2023 Libro impreso